Riadenie akosti v podniku Základy úspešného riadenia akosti výrobkov a služieb

Guardado en:
Detalles Bibliográficos
Formato: Libro
Lenguaje:eslovaco
Publicado: Žilina Dom techn. ZSVTS 1991
Edición:1. vyd.
Etiquetas: Agregar Etiqueta
Sin Etiquetas, Sea el primero en etiquetar este registro!

MARC

LEADER 00000nam a2200000 4500
001 c026283
005 20221214094746.2
041 0 |a slo 
044 |a SK 
245 1 0 |a Riadenie akosti v podniku  |b Základy úspešného riadenia akosti výrobkov a služieb 
250 |a 1. vyd. 
264 1 |a Žilina  |b Dom techn. ZSVTS  |c 1991 
300 |a 241 s.